书目信息 |
| 题名: |
青藤手记
|
|
| 作者: | 胡慧峰 主编 | |
| 分册: | ||
| 出版信息: | 北京 中国建筑工业出版社 2024.09 |
|
| 页数: | 164页 | |
| 开本: | 18cm | |
| 丛书名: | ||
| 单 册: | ||
| 中图分类: | TU984.255.3 , TU984.255 | |
| 科图分类: | ||
| 主题词: | 城市建设--cheng shi jian she--旧城改造--概况--绍兴 | |
| 电子资源: | ||
| ISBN: | 978-7-112-30212-3 | |
| 000 | 01306nam0 2200277 450 | |
| 001 | 94160 | |
| 005 | 20250820082827.50 | |
| 010 | @a978-7-112-30212-3@dCNY76.00 | |
| 100 | @a20241224d2024 em y0chiy50 ea | |
| 101 | 0 | @achi |
| 102 | @aCN@b110000 | |
| 105 | @aa z 000yy | |
| 106 | @ar | |
| 200 | 1 | @a青藤手记@Aqing teng shou ji@e徐渭故里城市更新与改造实录@f胡慧峰主编 |
| 210 | @a北京@c中国建筑工业出版社@d2024.09 | |
| 215 | @a164页@c图@d18cm | |
| 300 | @a又见青藤 2020-2022 | |
| 314 | @a胡慧峰 浙江大学建筑设计研究院院总建筑师、建筑创作研究中心主任建筑学硕士, 研究员。 | |
| 330 | @a胡慧峰老师带领浙江大学建筑设计研究院建筑创作研究中心开启“青藤手记”, 记录和分享“又见青藤”城市保护与更新过程中的变化细节。作者团队选择借助Pecha Kucha的图文模式, 用简单直白的方式呈现“野生现场”, 并赋予它一个高级又有意思的职责 —— 用图像记录历史 (图像口述史) 。书中内容有建筑师的驻场日常, 有青藤居民的遛狗生活, 也有项目的施工现场。这就是对“让设计落地”最真实和接地气的表达。 | |
| 517 | 1 | @a徐渭故里城市更新与改造实录@Axu wei gu li cheng shi geng xin yu gai zao shi lu |
| 606 | 0 | @a城市建设@Acheng shi jian she@x旧城改造@x概况@y绍兴 |
| 690 | @aTU984.255.3@v5 | |
| 690 | @aTU984.255@v4 | |
| 701 | 0 | @a胡慧峰@Ahu hui feng@4主编 |
| 801 | 0 | @aCN@c20250909 |
| 905 | @a河南城建学院图书馆@dTU984.255@eH470@f1 | |
| 青藤手记:徐渭故里城市更新与改造实录/胡慧峰主编.-北京:中国建筑工业出版社,2024.09 |
| 164页:图;18cm |
| 又见青藤 2020-2022 |
| ISBN 978-7-112-30212-3:CNY76.00 |
| 胡慧峰老师带领浙江大学建筑设计研究院建筑创作研究中心开启“青藤手记”, 记录和分享“又见青藤”城市保护与更新过程中的变化细节。作者团队选择借助Pecha Kucha的图文模式, 用简单直白的方式呈现“野生现场”, 并赋予它一个高级又有意思的职责 —— 用图像记录历史 (图像口述史) 。书中内容有建筑师的驻场日常, 有青藤居民的遛狗生活, 也有项目的施工现场。这就是对“让设计落地”最真实和接地气的表达。 |
| ● |
| 相关链接 |
|
|
|
正题名:青藤手记
索取号:TU984.255/H470
 
预约/预借
| 序号 | 登录号 | 条形码 | 馆藏地/架位号 | 状态 | 备注 |
| 1 | 1628086 | 216280860 | 建筑库201/201建筑库 96排1列5层/ [索取号:TU984.255/H470] | 在馆 |